[Event "Open Semana Santa 2023"]
[Site "?"]
[Date "2023.04.09"]
[Round "7.18"]
[White "IM Lammers, Markus"]
[Black "IM Garriga Cazorla, Pere"]
[Result "1/2-1/2"]
[WhiteElo "2338"]
[BlackElo "2476"]
[PlyCount "123"]
[EventDate "2023.??.??"]

1. d4 Nf6 2. Nf3 e6 3. c4 d5 4. Nc3 dxc4 5. e3 a6 6. Bxc4 b5 7. Bd3 Bb7 8. O-O
c5 9. dxc5 Bxc5 10. Qe2 Nc6 11. Rd1 Qc7 12. Ne4 Be7 13. Bd2 O-O 14. Rac1 Nd7
15. Bc3 h6 16. Nd4 Nce5 17. Bb1 Qb6 18. Nb3 Bd5 19. Ba5 Qb7 20. Rc7 Qb8 21. Nc3
Bd8 22. Nxd5 exd5 23. Rcc1 Bxa5 24. Nxa5 Nf6 25. Nc6 Nxc6 26. Rxc6 Rc8 27. Rdc1
Rxc6 28. Rxc6 Qe5 29. Qc2 Re8 30. h3 d4 31. Qf5 dxe3 32. Qxe5 Rxe5 33. fxe3
Rxe3 34. Kf2 Re6 35. Rc8+ Re8 36. Rxe8+ Nxe8 37. Ke3 Kf8 38. Kd4 Ke7 39. Kc5
Kd7 40. Kb6 Nc7 41. Bf5+ Kd6 42. Bc8 b4 43. Bxa6 Nd5+ 44. Kb5 Nc7+ 45. Kb6 Nd5+
46. Kb5 Nc7+ 47. Ka5 Kc5 48. Bb7 Nb5 49. Ka4 f5 50. a3 bxa3 51. bxa3 g5 52. Kb3
Nd4+ 53. Kc3 Nb5+ 54. Kb2 h5 55. Bc8 Nd4 56. Kc3 f4 57. Kd3 f3 58. Ke3 fxg2 59.
Kf2 g4 60. Bxg4 Nc2 61. Bxh5 Nxa3 62. Kxg2 1/2-1/2

[Event "Open Semana Santa 2023"]
[Site "?"]
[Date "2023.04.09"]
[Round "7.19"]
[White "IM Pijpers, Arthur"]
[Black "WIM Kamalidenova, Meruert"]
[Result "1-0"]
[WhiteElo "2474"]
[BlackElo "2342"]
[PlyCount "93"]

1. e4 e5 2. Nf3 Nc6 3. Bb5 a6 4. Ba4 Nf6 5. O-O Nxe4 6. d4 b5 7. Bb3 d5 8. dxe5
Be6 9. Be3 Be7 10. c3 O-O 11. Nbd2 Bg4 12. Nxe4 dxe4 13. Qd5 Qxd5 14. Bxd5 exf3
15. Bxc6 fxg2 16. Rfc1 Rab8 17. a4 b4 18. Bxg2 c5 19. Bf1 Bc8 20. a5 h6 21. Bc4
Bb7 22. Rd1 Rfd8 23. cxb4 cxb4 24. Bb6 Rxd1+ 25. Rxd1 Bc8 26. f3 Kf8 27. Kf2
Ke8 28. Ke3 Bb7 29. f4 Rc8 30. b3 g6 31. Rf1 f5 32. Kd4 Bh4 33. Bc5 Bg2 34.
Bxa6 Rd8+ 35. Bd6 Bxf1 36. Bxf1 g5 37. Kd5 gxf4 38. a6 Be7 39. Be2 Rc8 40. Ke6
Bxd6 41. Kxd6 Ra8 42. e6 Ra7 43. Bb5+ Kd8 44. Bc6 f3 45. Bb7 Ke8 46. e7 Kf7 47.
Kd7 1-0

[Event "Open Semana Santa 2023"]
[Site "?"]
[Date "2023.04.09"]
[Round "7.20"]
[White "IM Camacho Collados, Marcos"]
[Black "FM Sinz, Bernhard"]
[Result "1/2-1/2"]
[WhiteElo "2465"]
[BlackElo "2313"]
[PlyCount "170"]

1. e4 e5 2. Nf3 Nc6 3. Bc4 Nf6 4. d3 Be7 5. O-O O-O 6. Re1 d6 7. a4 Kh8 8. c3
Ng8 9. d4 f5 10. dxe5 fxe4 11. Rxe4 Rxf3 12. gxf3 Nxe5 13. Rxe5 dxe5 14. Qxd8
Bxd8 15. a5 a6 16. Be3 Nf6 17. Nd2 Bd7 18. Ne4 h6 19. Nxf6 Bxf6 20. Bd5 c6 21.
Be4 Bh3 22. Bb6 g5 23. c4 Rf8 24. Bc7 Rf7 25. Bd6 Rd7 26. c5 Kg7 27. Ra3 Be6
28. Re3 Kf7 29. b4 Rd8 30. Kf1 Bc4+ 31. Ke1 Re8 32. Rc3 Bb5 33. Re3 Be7 34. Bc7
Bd8 35. Bb6 Bxb6 36. axb6 Rd8 37. Bf5 Kf6 38. Bg4 Bc4 39. Bh3 Bb5 40. Rc3 Rd4
41. Bc8 Rd8 42. Bxb7 Rb8 43. Bxa6 Bxa6 44. Ra3 Bb7 45. Ra7 Ke6 46. Kd2 Rd8+ 47.
Kc3 Rd7 48. Kc4 Rf7 49. b5 Rf4+ 50. Kd3 Rxf3+ 51. Ke2 Rc3 52. Rxb7 Rxc5 53. Rc7
Rxb5 54. Rxc6+ Kf5 55. Rxh6 Rb2+ 56. Ke3 Rb3+ 57. Kd2 Ke4 58. Rd6 Rb2+ 59. Kc3
Rxf2 60. b7 Rf8 61. Rb6 Rb8 62. Kd2 Kf3 63. Ke1 Kg2 64. Rb2+ Kf3 65. Rf2+ Ke3
66. Rf7 g4 67. Kf1 e4 68. Kg2 Kd2 69. Kf1 Ke3 70. Ke1 Rh8 71. Rc7 Rb8 72. Rc3+
Kd4 73. Rb3 Kc4 74. Rb1 Kc5 75. Ke2 Kc6 76. Rc1+ Kxb7 77. Ke3 Rh8 78. Rc2 Rc8
79. Rd2 Re8 80. Rg2 Kc6 81. Rxg4 Kd5 82. h4 Re5 83. Rf4 Rh5 84. Rxe4 Re5 85.
Rxe5+ Kxe5 1/2-1/2

[Event "Open Semana Santa 2023"]
[Site "?"]
[Date "2023.04.09"]
[Round "7.21"]
[White "IM Murphy, Conor E"]
[Black "WGM Alinasab, Mobina"]
[Result "1/2-1/2"]
[WhiteElo "2450"]
[BlackElo "2334"]
[PlyCount "121"]

1. e4 c5 2. Nf3 d6 3. d4 cxd4 4. Nxd4 Nf6 5. Nc3 a6 6. Be3 e5 7. Nb3 Be7 8. h3
Be6 9. Qf3 h5 10. O-O-O Nbd7 11. Nd5 Rc8 12. Kb1 b5 13. Bd3 Bxd5 14. exd5 g6
15. g4 h4 16. Qg2 Nb6 17. Bd2 Nc4 18. Bc1 Qb6 19. Rhe1 a5 20. f4 Nd7 21. Qe2
Kf8 22. g5 Kg7 23. f5 Bd8 24. fxg6 fxg6 25. Qe4 Nf8 26. Rf1 Rc7 27. Rf3 Rf7 28.
Rxf7+ Kxf7 29. Rf1+ Kg7 30. Bxc4 bxc4 31. Qxc4 Qc7 32. Qg4 Qd7 33. Qg2 Nh7 34.
Be3 Rf8 35. Rxf8 Nxf8 36. Nd2 Nh7 37. Ne4 Be7 38. c4 Qf5 39. Kc1 Kh8 40. b3 Kg7
41. Kb2 Nf8 42. Bd2 Nd7 43. Bxa5 Nc5 44. Nxc5 dxc5 45. Bd2 e4 46. Be3 Bd6 47.
Qf2 Be5+ 48. Kc2 Qxh3 49. d6 Bxd6 50. Qf6+ Kh7 51. Qf7+ Kh8 52. Qf6+ Kh7 53.
Qf7+ Kh8 54. Bd2 Qd3+ 55. Kc1 Qd4 56. Qxg6 Be5 57. Qh6+ Kg8 58. Qe6+ Kg7 59.
Qh6+ Kg8 60. Qe6+ Kg7 61. Qh6+ 1/2-1/2

[Event "Open Semana Santa 2023"]
[Site "?"]
[Date "2023.04.09"]
[Round "7.22"]
[White "FM Martin Carmona, Gaston Manuel"]
[Black "GM Moskalenko, Viktor"]
[Result "1/2-1/2"]
[WhiteElo "2333"]
[BlackElo "2443"]
[PlyCount "140"]

1. d4 e6 2. c4 f5 3. g3 Nf6 4. Bg2 d5 5. Nf3 c6 6. Nc3 Bd6 7. Bf4 Bxf4 8. gxf4
Ne4 9. e3 Nd7 10. Qb3 Qe7 11. Bf1 O-O 12. Rg1 Kh8 13. Rc1 Ndf6 14. Ne5 Nd7 15.
Nxe4 Nxe5 16. Ng5 Nd7 17. Nf3 Nf6 18. Bd3 Bd7 19. Ne5 Be8 20. cxd5 cxd5 21. Qa3
Qxa3 22. bxa3 Bd7 23. Ke2 Rac8 24. Nxd7 Nxd7 25. Bb5 Nf6 26. f3 Kg8 27. a4 Kf7
28. a5 g6 29. a6 bxa6 30. Bxa6 Rxc1 31. Rxc1 Re8 32. a4 Re7 33. Kd2 Ne8 34. Rc5
Nc7 35. Bc8 Ke8 36. Kc3 Kd8 37. Bb7 Ne8 38. Rc8+ Kd7 39. Ra8 Kc7 40. Ba6 Kb6
41. Bb5 Nd6 42. Bd3 Kb7 43. Rh8 a5 44. Kb3 Ne8 45. Bb5 Nd6 46. Bd3 Ne8 47. Rf8
Nd6 48. Rg8 Ne8 49. Kc3 Nd6 50. Rd8 Nf7 51. Rf8 Nd6 52. Kd2 Re8 53. Rf6 Kc6 54.
Bb5+ Nxb5 55. axb5+ Kd6 56. Rf7 Rb8 57. Rxh7 Rxb5 58. Ra7 Rb2+ 59. Kd3 Rxh2 60.
Rxa5 Ke7 61. Ra8 Rf2 62. Ra7+ Kf6 63. Rh7 Rxf3 64. Ke2 Rg3 65. Kf2 Rg4 66. Kf3
g5 67. Rh6+ Ke7 68. Rg6 gxf4 69. Rxg4 fxg4+ 70. Kxf4 e5+ 1/2-1/2

[Event "Open Semana Santa 2023"]
[Site "?"]
[Date "2023.04.09"]
[Round "7.23"]
[White "FM Fiedorek, Michal"]
[Black "IM Gomez Ledo, Roberto Carlos"]
[Result "1/2-1/2"]
[WhiteElo "2328"]
[BlackElo "2437"]
[PlyCount "85"]

1. e4 e5 2. Nf3 Nc6 3. Bb5 a6 4. Ba4 d6 5. c4 Bd7 6. d4 Nf6 7. Nc3 Be7 8. O-O
O-O 9. d5 Nb8 10. Bc2 a5 11. Rb1 Na6 12. a3 c6 13. Ne1 cxd5 14. cxd5 Rc8 15.
Qe2 Ne8 16. Bd3 Nc5 17. Bb5 f5 18. Bxd7 Qxd7 19. exf5 Qxf5 20. Qc2 g6 21. Be3
Nf6 22. Rd1 Nce4 23. Qb3 Nxc3 24. bxc3 Ng4 25. Nc2 b5 26. h3 Nf6 27. Bb6 a4 28.
Qb2 Ne4 29. Nb4 Rxc3 30. Nc6 Bh4 31. Rde1 Rb3 32. Qc2 Ng3 33. Qxf5 Nxf5 34. Rb1
Nd4 35. g3 Ne2+ 36. Kg2 Rxb1 37. Rxb1 Nc3 38. Rb2 Bg5 39. Bc7 Nxd5 40. Bxd6 Rc8
41. Rxb5 Rxc6 42. Rxd5 Bc1 43. Bb4 1/2-1/2

[Event "Open Semana Santa 2023"]
[Site "?"]
[Date "2023.04.09"]
[Round "7.24"]
[White "GM Ubilava, Elizbar"]
[Black "FM Gavarrete, Nahun"]
[Result "1-0"]
[WhiteElo "2435"]
[BlackElo "2303"]
[PlyCount "109"]

1. d4 Nf6 2. c4 g6 3. Nc3 d5 4. cxd5 Nxd5 5. e4 Nxc3 6. bxc3 Bg7 7. Be3 c5 8.
Qd2 Nc6 9. Rd1 O-O 10. Bc4 Na5 11. Bd3 cxd4 12. cxd4 b6 13. Ne2 Bb7 14. O-O Rc8
15. Rc1 Qd6 16. Rxc8 Rxc8 17. Rc1 Rxc1+ 18. Qxc1 Nc6 19. Qc3 Nb4 20. Bb1 Ba6
21. Nc1 Nc6 22. Nb3 h5 23. h3 Bb5 24. Bd3 Bxd3 25. Qxd3 Nxd4 26. Bxd4 e5 27.
Qg3 h4 28. Qxh4 exd4 29. Qg5 Be5 30. Qd2 a5 31. g3 a4 32. Nc1 Qc6 33. f4 Bd6
34. e5 Ba3 35. Nd3 Qf3 36. Kh2 Qc6 37. g4 Be7 38. f5 Bg5 39. Qg2 Qc3 40. Qe2
Be3 41. e6 fxe6 42. fxg6 Qc7+ 43. Kg2 Qg7 44. Qf3 Qxg6 45. Ne5 Qc2+ 46. Kg3 Qc7
47. Qf6 d3 48. Qxe6+ Kh8 49. Qf6+ Kg8 50. Kf3 d2 51. Qe6+ Kg7 52. Ke2 Qb7 53.
Qg6+ Kf8 54. Qd6+ Kg7 55. Kxe3 1-0

[Event "Open Semana Santa 2023"]
[Site "?"]
[Date "2023.04.09"]
[Round "7.25"]
[White "IM Martinez Ramirez, Lennis"]
[Black "Sismeiro, Miguel"]
[Result "1-0"]
[WhiteElo "2428"]
[BlackElo "2301"]
[PlyCount "73"]

1. c4 Nf6 2. Nc3 d5 3. cxd5 Nxd5 4. Nf3 g6 5. Qb3 Nb6 6. d4 Be6 7. Qd1 Bg7 8.
e4 Bg4 9. Be3 O-O 10. Be2 Nc6 11. d5 Na5 12. Bd4 c5 13. Bxg7 Kxg7 14. O-O e6
15. b4 Bxf3 16. bxa5 Bxe2 17. Qxe2 Nd7 18. dxe6 fxe6 19. Rad1 Rf7 20. Qb5 Qc7
21. a6 Rb8 22. axb7 Rxb7 23. Qd3 Ne5 24. Qh3 Qa5 25. f4 Nc6 26. Qxe6 Qxc3 27.
Qxc6 Qe3+ 28. Kh1 Rbe7 29. Rf3 Qxe4 30. Qxc5 Rc7 31. Qg5 Qe2 32. Rdf1 Rf5 33.
Qd8 Rc4 34. h3 Qxa2 35. Qe7+ Kh6 36. g4 Rcxf4 37. gxf5 1-0

[Event "Open Semana Santa 2023"]
[Site "?"]
[Date "2023.04.09"]
[Round "7.26"]
[White "IM Alonso Garcia, Aaron"]
[Black "Liu, Zhaoqi"]
[Result "1-0"]
[WhiteElo "2426"]
[BlackElo "2301"]
[PlyCount "133"]
[EventDate "2023.??.??"]

1. e4 e6 2. d4 d5 3. Nd2 Be7 4. Ngf3 Nf6 5. Bd3 c5 6. e5 Nfd7 7. c3 a5 8. Nf1
Nc6 9. Ng3 cxd4 10. cxd4 Qb6 11. Ne2 Bb4+ 12. Bd2 Bxd2+ 13. Qxd2 Qb4 14. a3
Qxd2+ 15. Kxd2 Nb6 16. Ke3 Bd7 17. Nd2 Ke7 18. Rac1 a4 19. f4 Na5 20. Rc5 Rhc8
21. Rhc1 g6 22. g4 Bc6 23. R5c3 Bd7 24. Ng3 Rxc3 25. Rxc3 Rc8 26. Rxc8 Bxc8 27.
h4 Bd7 28. h5 Nac4+ 29. Bxc4 dxc4 30. Nge4 Nd5+ 31. Kf3 Bc6 32. hxg6 hxg6 33.
Nxc4 b5 34. Ncd6 b4 35. axb4 Nxb4 36. Ke2 Nc2 37. Kd3 Ne1+ 38. Kc3 Ng2 39. f5
gxf5 40. gxf5 exf5 41. Nxf5+ Ke6 42. Ng7+ Ke7 43. Nd6 Nf4 44. Nc8+ Kf8 45. Nf5
f6 46. Ncd6 fxe5 47. dxe5 Bd7 48. Kd4 Ne2+ 49. Ke3 Nc1 50. Nd4 Na2 51. Kd3 Ke7
52. Ne4 Be8 53. Nc3 Nc1+ 54. Kc2 Nb3 55. Nd5+ Kf7 56. Nxb3 Bc6 57. Nf4 Be4+ 58.
Kc3 axb3 59. Kxb3 Kg7 60. Kc4 Kh6 61. Kd4 Bc6 62. e6 Kg5 63. Ke5 Bb5 64. b4 Kh6
65. Kf6 Kh7 66. Nd5 Kg8 67. Nc7 1-0

[Event "Open Semana Santa 2023"]
[Site "?"]
[Date "2023.04.09"]
[Round "7.27"]
[White "Chen, Peng"]
[Black "Jordan Martinez, Miguel"]
[Result "1-0"]
[WhiteElo "2425"]
[BlackElo "2186"]
[PlyCount "77"]
[EventDate "2023.??.??"]

1. c4 g6 2. Nc3 Bg7 3. g3 d6 4. Bg2 e5 5. e3 f5 6. Nge2 Nf6 7. O-O O-O 8. d4
Nc6 9. Rb1 e4 10. b4 Ne7 11. Qb3 g5 12. f3 exf3 13. Bxf3 Ng6 14. c5+ Kh8 15.
cxd6 Qxd6 16. Qc4 a6 17. b5 Be6 18. Qc5 Qxc5 19. dxc5 axb5 20. Rxb5 Ne5 21.
Bxb7 Ra7 22. c6 Ne8 23. a4 Nd6 24. Ba3 Nec4 25. Bc5 Nxb5 26. axb5 Rxb7 27. Bxf8
Rb8 28. Bxg7+ Kxg7 29. Nd4 Kf6 30. Ne4+ Ke5 31. Nc5 Nxe3 32. Ncxe6 Nxf1 33.
Kxf1 f4 34. gxf4+ gxf4 35. Ke2 Kd5 36. Kd3 f3 37. Nxc7+ Kd6 38. Nce6 Kd5 39. c7
1-0

[Event "Open Semana Santa 2023"]
[Site "?"]
[Date "2023.04.09"]
[Round "7.28"]
[White "IM Ladron De Guevara Pinto, Paolo"]
[Black "Garrido Diaz, Ernesto"]
[Result "1-0"]
[WhiteElo "2403"]
[BlackElo "2106"]
[PlyCount "139"]

1. d4 d5 2. c4 e6 3. Nf3 Nf6 4. e3 c6 5. Nbd2 Nbd7 6. b3 Bd6 7. Bb2 Qe7 8. Ne5
Ba3 9. Bxa3 Qxa3 10. Nxd7 Bxd7 11. Bd3 c5 12. cxd5 Nxd5 13. dxc5 Qxc5 14. Rc1
Qe7 15. O-O O-O 16. Nc4 Bb5 17. Qe2 Rfd8 18. Rfd1 Qf6 19. Qe1 Bxc4 20. Bxc4 Nb6
21. Bd3 Qe7 22. Be4 Rxd1 23. Rxd1 g6 24. h3 a5 25. a4 Qa3 26. Bxb7 Rb8 27. Qc3
Qe7 28. Bf3 Qa7 29. Qc5 Rc8 30. Qb5 Rb8 31. Qe5 Rc8 32. Qd6 Qc7 33. Qxc7 Rxc7
34. Rd8+ Kg7 35. Rb8 Nd7 36. Rb5 Rc5 37. Rb7 Ne5 38. b4 Nxf3+ 39. gxf3 axb4 40.
Rxb4 Rc1+ 41. Kg2 Ra1 42. f4 Kf6 43. Kf3 Ra2 44. h4 h5 45. Kg3 Ra3 46. Rc4 Kg7
47. Kf3 Ra2 48. Rd4 Kf6 49. e4 Ra3+ 50. Kg2 Ra1 51. Rc4 Ra2 52. Kg3 Ra3+ 53. f3
Ra2 54. Rb4 Ra3 55. Kf2 e5 56. Kg3 exf4+ 57. Kxf4 Kg7 58. e5 Kf8 59. Ke4 Ke7
60. f4 Ra1 61. Kd5 Rd1+ 62. Kc6 f6 63. a5 fxe5 64. fxe5 Ra1 65. Kb6 Ke6 66. a6
Kxe5 67. a7 Kf5 68. Rb5+ Kg4 69. Ra5 Rb1+ 70. Ka6 1-0

[Event "Open Semana Santa 2023"]
[Site "?"]
[Date "2023.04.09"]
[Round "7.29"]
[White "Hercegovac, Neven"]
[Black "GM Moussard, Jules"]
[Result "0-1"]
[WhiteElo "2153"]
[BlackElo "2667"]
[PlyCount "74"]

1. e4 c5 2. Nf3 e6 3. Nc3 Nc6 4. d4 cxd4 5. Nxd4 Qc7 6. g3 a6 7. Bg2 h5 8. O-O
h4 9. Re1 d6 10. Bg5 hxg3 11. hxg3 Ne5 12. Qe2 Bd7 13. Rad1 Qb6 14. Nb3 Rc8 15.
Rd4 Nf6 16. a4 Be7 17. a5 Qc7 18. f4 Nc6 19. Rc4 b5 20. axb6 Qxb6+ 21. Kf1 Nh5
22. Qf2 Qxf2+ 23. Kxf2 f6 24. g4 fxg5 25. gxh5 gxf4 26. Rh1 Rb8 27. e5 Nxe5 28.
Rxf4 Nd3+ 29. cxd3 Rxb3 30. Bf3 Rxb2+ 31. Ne2 a5 32. Ra1 a4 33. Be4 d5 34. Bg6+
Kd8 35. Raxa4 Bxa4 36. Rxa4 Rf8+ 37. Ke3 Bg5+ 0-1

[Event "Open Semana Santa 2023"]
[Site "?"]
[Date "2023.04.09"]
[Round "7.30"]
[White "GM Yuffa, Daniil"]
[Black "CM Aymerich Verdaguer, Eduard"]
[Result "1-0"]
[WhiteElo "2602"]
[BlackElo "2215"]
[PlyCount "73"]

1. d4 Nf6 2. c4 g6 3. Nc3 Bg7 4. e4 d6 5. Nf3 O-O 6. Be2 e5 7. O-O Nc6 8. d5
Ne7 9. b4 Nh5 10. Re1 Nf4 11. Bf1 h6 12. c5 g5 13. Nd2 f5 14. g3 Nfg6 15. Nc4
fxe4 16. cxd6 cxd6 17. Nxe4 Nf5 18. a4 Nge7 19. Bg2 Qc7 20. Qd3 b5 21. axb5 Bd7
22. Na5 Nd4 23. Nc6 Bf5 24. Be3 Nexc6 25. bxc6 g4 26. Qc4 Nf3+ 27. Bxf3 gxf3
28. b5 Bg6 29. Nd2 e4 30. Rxa7 Rxa7 31. b6 Qc8 32. bxa7 Qh3 33. Qf1 Qf5 34. Rb1
Qxd5 35. Qc4 Bf7 36. Qxd5 Bxd5 37. c7 1-0

[Event "Open Semana Santa 2023"]
[Site "?"]
[Date "2023.04.09"]
[Round "7.31"]
[White "Bermejo Martinez, Jorge"]
[Black "GM Cuenca Jimenez, Jose Fernando"]
[Result "0-1"]
[WhiteElo "2215"]
[BlackElo "2553"]
[PlyCount "100"]
[EventDate "2023.??.??"]

1. d4 Nf6 2. c4 e6 3. g3 d5 4. Nf3 Bb4+ 5. Bd2 Be7 6. Bg2 O-O 7. Qc2 c6 8. O-O
Nbd7 9. Bf4 Ne4 10. Nfd2 g5 11. Be3 Nd6 12. f3 f5 13. c5 Nf7 14. Bf2 f4 15. e4
fxe3 16. Bxe3 Nh6 17. Nb3 e5 18. Bh3 Bf6 19. N1d2 Qe7 20. dxe5 Bxe5 21. Bf2 Qg7
22. Rab1 Nf6 23. Bxc8 Raxc8 24. Nd4 Rce8 25. Qd3 Qd7 26. Kg2 g4 27. Rbe1 gxf3+
28. N2xf3 Ne4 29. b4 Bg7 30. h3 Rf6 31. Bg1 Rg6 32. Bh2 Bf6 33. Ne2 Nf5 34. g4
h5 35. Nf4 hxg4 36. Nxg6 gxf3+ 37. Qxf3 Nd4 38. Qg4 Qg7 39. Nf4 Nc2 40. Re2
Nxb4 41. a3 Nd3 42. Nh5 Qxg4+ 43. hxg4 Bd4 44. g5 Ndxc5 45. g6 Re6 46. Nf4 Rf6
47. Kh3 Nd3 48. Kg4 Nxf4 49. Bxf4 Rxg6+ 50. Kh5 Kg7 0-1

[Event "Open Semana Santa 2023"]
[Site "?"]
[Date "2023.04.09"]
[Round "7.32"]
[White "GM Brunello, Sabino"]
[Black "Kocharin, Timur"]
[Result "1-0"]
[WhiteElo "2510"]
[BlackElo "2203"]
[PlyCount "55"]

1. c4 e5 2. d3 Nc6 3. Nf3 Nf6 4. a3 a5 5. Nc3 d5 6. cxd5 Nxd5 7. e4 Nf6 8. h3
Bc5 9. Be3 Qe7 10. Rc1 Bxe3 11. fxe3 Nh5 12. Kf2 Nf6 13. Be2 Bd7 14. Rf1 O-O
15. Kg1 Nd8 16. Qe1 c5 17. Qg3 Re8 18. Nh4 b6 19. Bd1 Nb7 20. Ba4 Nh5 21. Qf3
Nf6 22. Nf5 Qe6 23. Bxd7 Qxd7 24. Nxg7 Kxg7 25. Qxf6+ Kf8 26. Nd5 Kg8 27. Rf3
Re6 28. Rg3+ 1-0

[Event "Open Semana Santa 2023"]
[Site "?"]
[Date "2023.04.09"]
[Round "7.33"]
[White "CM Ribera Veganzones, Serni"]
[Black "IM Chen, Qi B"]
[Result "0-1"]
[WhiteElo "2195"]
[BlackElo "2493"]
[PlyCount "92"]
[EventDate "2023.??.??"]

1. Nf3 Nf6 2. c4 e6 3. Nc3 d5 4. d4 Nbd7 5. Bg5 c6 6. e3 h6 7. Bh4 g5 8. Bg3
Nh5 9. Bd3 Nxg3 10. hxg3 Bg7 11. Qc2 Nb6 12. cxd5 exd5 13. O-O O-O 14. b4 a6
15. a4 Be6 16. b5 cxb5 17. axb5 a5 18. Rfc1 Qd6 19. Na4 Nxa4 20. Qxa4 Rfc8 21.
Nd2 Rxc1+ 22. Rxc1 b6 23. Rc6 Qd8 24. Nf3 Bd7 25. Rc2 Qe7 26. Nd2 Qd6 27. Nb1
Bf8 28. Nc3 Be6 29. Qa2 a4 30. Rb2 a3 31. Rb3 Qc7 32. Qd2 Rc8 33. Na2 Qa7 34.
Bb1 f5 35. Qd3 g4 36. Nc3 Qa5 37. Ba2 Kg7 38. Kh2 Bd6 39. Kg1 h5 40. Kf1 Kf6
41. Ne2 Bd7 42. Rb1 Bb4 43. Bxd5 Bxb5 44. Qb3 Bxe2+ 45. Kxe2 Qb5+ 46. Qd3 Rc2+
0-1

[Event "Open Semana Santa 2023"]
[Site "?"]
[Date "2023.04.09"]
[Round "7.34"]
[White "Hernandez Leon, Sergio"]
[Black "IM Lopez Mulet, Inigo"]
[Result "0-1"]
[WhiteElo "2151"]
[BlackElo "2403"]
[PlyCount "136"]

1. Nf3 d5 2. b3 Nf6 3. Bb2 e6 4. c4 Bd6 5. Nc3 a6 6. e3 Nbd7 7. cxd5 exd5 8.
Be2 b6 9. O-O O-O 10. Qc2 Re8 11. Rac1 Nc5 12. d3 Bf5 13. Rcd1 h6 14. Rfe1 Qd7
15. Nd4 Bg4 16. Bxg4 Qxg4 17. Qe2 Qg6 18. a3 Re5 19. b4 Ne6 20. Nxe6 fxe6 21.
f4 Rh5 22. Qf3 Rf8 23. Ne2 e5 24. Qg3 Qe8 25. Bc1 a5 26. Bd2 axb4 27. axb4 Qb5
28. Bc3 d4 29. exd4 exf4 30. Qf3 Qd5 31. Rf1 Qxf3 32. Rxf3 Nd5 33. Rc1 Re8 34.
Rf2 f3 35. gxf3 Rxh2 36. Rxh2 Bxh2+ 37. Kf2 Bf4 38. Nxf4 Nxf4 39. Ra1 Re2+ 40.
Kg3 Nd5 41. Be1 g5 42. Kg4 Ne3+ 43. Kh5 Kh7 44. Bg3 Nd5 45. Kg4 Kg6 46. Ra7 Re7
47. b5 h5+ 48. Kh3 Rf7 49. Kg2 h4 50. Be5 h3+ 51. Kxh3 Rxf3+ 52. Kg2 Rf7 53.
Kg3 Kf5 54. Ra1 Rh7 55. Rc1 g4 56. Rf1+ Kg5 57. Rf8 Rh3+ 58. Kf2 Rxd3 59. Rd8
Rf3+ 60. Ke1 Nf6 61. Bxc7 Rb3 62. Rf8 Nd5 63. Ra8 Kf5 64. Be5 Rxb5 65. Ke2 Rb3
66. Rf8+ Ke4 67. Rg8 Ne3 68. Rf8 Rb2+ 0-1

[Event "Open Semana Santa 2023"]
[Site "?"]
[Date "2023.04.09"]
[Round "7.35"]
[White "FM Czopor, Maciej"]
[Black "FM Bettalli, Francesco"]
[Result "1/2-1/2"]
[WhiteElo "2403"]
[BlackElo "2200"]
[PlyCount "59"]

1. e4 c5 2. Nf3 Nc6 3. d4 cxd4 4. Nxd4 g6 5. c4 Nf6 6. Nc3 d6 7. Be2 Nxd4 8.
Qxd4 Bg7 9. Be3 O-O 10. Qd2 a5 11. O-O a4 12. Rad1 Qa5 13. Bd4 Bd7 14. Bxf6
Bxf6 15. Nd5 Qxd2 16. Nxf6+ Kg7 17. Rxd2 Kxf6 18. c5 Bc6 19. cxd6 Bxe4 20. dxe7
Rfe8 21. f3 Bc6 22. a3 Rxe7 23. Rc1 Ra5 24. Kf2 Rh5 25. h3 Rhe5 26. h4 h6 27.
Rc3 g5 28. hxg5+ hxg5 29. g3 Re8 30. Bf1 1/2-1/2

[Event "Open Semana Santa 2023"]
[Site "?"]
[Date "2023.04.09"]
[Round "7.36"]
[White "FM Davtyan, David Arm"]
[Black "CM Balague Camps, Marc"]
[Result "1-0"]
[WhiteElo "2374"]
[BlackElo "2197"]
[PlyCount "77"]
[EventDate "2023.??.??"]

1. d4 Nf6 2. Nc3 d5 3. Bf4 c6 4. e3 Bf5 5. Bd3 Bxd3 6. cxd3 e6 7. Nf3 Be7 8.
O-O O-O 9. Bxb8 Rxb8 10. Ne5 Nd7 11. f4 Nxe5 12. fxe5 f6 13. Qg4 f5 14. Qh3 Kh8
15. Ne2 Qd7 16. Rf2 b6 17. Raf1 c5 18. Nf4 Kg8 19. g4 cxd4 20. exd4 Bg5 21.
gxf5 exf5 22. Ne2 g6 23. Rg2 Qe7 24. Nc3 Rbd8 25. Qf3 Kg7 26. Nxd5 Qd7 27. Nc3
Qxd4+ 28. Kh1 Be7 29. Ne2 Qxe5 30. Nf4 Bd6 31. Qh5 Rf6 32. Qh4 Rff8 33. Re2 Qb5
34. Ne6+ Kg8 35. Nxd8 Qd5+ 36. Rg2 Be5 37. Qe7 Rxd8 38. Rxf5 Qxd3 39. Qe6+ 1-0

[Event "Open Semana Santa 2023"]
[Site "?"]
[Date "2023.04.09"]
[Round "7.37"]
[White "IM Vega Gutierrez, Sabrina"]
[Black "FM Tytynnik, Artem"]
[Result "1-0"]
[WhiteElo "2370"]
[BlackElo "2164"]
[PlyCount "87"]
[EventDate "2023.??.??"]

1. e4 e6 2. d4 d5 3. e5 c5 4. c3 Nc6 5. Nf3 Qb6 6. a3 Nh6 7. b4 cxd4 8. cxd4
Nf5 9. Bb2 Bd7 10. g4 Nfe7 11. Nc3 Na5 12. Nd2 Rc8 13. Rc1 a6 14. h4 h5 15. Ba1
Nac6 16. Na4 Qc7 17. gxh5 Nf5 18. Nb3 Be7 19. Nac5 Nxh4 20. Qg4 Nf5 21. Bd3 g5
22. Bxf5 exf5 23. Qg2 Be6 24. h6 Qb6 25. Bc3 Na7 26. h7 f4 27. Rh6 Nb5 28. Bb2
Rc7 29. Kd2 Kd8 30. Nxe6+ fxe6 31. Nc5 Rxc5 32. dxc5 Qc6 33. Qh3 Kd7 34. Rg6 f3
35. Rg8 g4 36. Qh5 Nc7 37. Rxh8 Qb5 38. Kc2 Qe2+ 39. Kb1 g3 40. fxg3 Qd3+ 41.
Ka1 f2 42. Qf7 a5 43. Rb8 Kc6 44. h8=Q 1-0

[Event "Open Semana Santa 2023"]
[Site "?"]
[Date "2023.04.09"]
[Round "7.38"]
[White "Nunez Miranda, Adrian"]
[Black "IM Vassallo Barroche, Mauricio"]
[Result "0-1"]
[WhiteElo "2142"]
[BlackElo "2361"]
[PlyCount "90"]

1. d4 Nf6 2. Nc3 c5 3. dxc5 Qa5 4. Nf3 Qxc5 5. e4 d6 6. Be3 Qa5 7. Qd2 Nc6 8.
Nd5 Qxd2+ 9. Bxd2 Rb8 10. Bd3 e6 11. Nxf6+ gxf6 12. a4 Bd7 13. Ke2 h5 14. b4
Bh6 15. b5 Ne5 16. Bb4 Nxd3 17. Kxd3 Bf8 18. Rab1 Rg8 19. g3 Rd8 20. Rhe1 Be7
21. Kc3 a6 22. Nd4 e5 23. Ne2 axb5 24. axb5 f5 25. exf5 Bxf5 26. Kb3 Rc8 27.
Nc3 Rg4 28. Rbd1 Be6+ 29. Ka3 Rxb4 30. Kxb4 d5+ 31. Ka5 Rxc3 32. Kb6 f6 33. f4
Bd6 34. fxe5 fxe5 35. Kxb7 Kd7 36. b6 d4 37. Ra1 Bd5+ 38. Ka7 Rxc2 39. Ra5 Bc6
40. Rb1 d3 41. b7 d2 42. b8=Q Bxb8+ 43. Kxb8 Rc1 44. Rb7+ Bxb7 45. Rd5+ Bxd5
0-1

[Event "Open Semana Santa 2023"]
[Site "?"]
[Date "2023.09.12"]
[Round "7.40"]
[White "FM Martins, Bruno Andre Leite"]
[Black "Serrano Almendros, Alejandro"]
[Result "1-0"]
[WhiteElo "2348"]
[BlackElo "2151"]
[PlyCount "49"]

1. e4 e6 2. d4 d5 3. e5 c5 4. c3 Nc6 5. Nf3 Nge7 6. Bd3 Nf5 7. O-O cxd4 8. Bxf5
exf5 9. cxd4 Be6 10. Bg5 Qb6 11. Nc3 Qxb2 12. Qd3 Qa3 13. Rab1 Bb4 14. Rb3 Qa5
15. Nb5 O-O 16. a3 a6 17. Nd6 Bxd6 18. exd6 b5 19. Rc1 Qb6 20. Rbc3 Na5 21. Be7
Rfe8 22. Ng5 Bd7 23. Rc7 Rac8 24. Qc3 h6 25. Rxc8 1-0

[Event "Open Semana Santa 2023"]
[Site "?"]
[Date "2023.04.09"]
[Round "7.41"]
[White "FM Habans Aguerrea, Javier"]
[Black "Iglesias Ferreira, Andres"]
[Result "0-1"]
[WhiteElo "2343"]
[BlackElo "2150"]
[PlyCount "118"]

1. c4 Nf6 2. Nc3 e5 3. g3 Bb4 4. Bg2 Bxc3 5. dxc3 O-O 6. Nf3 Nc6 7. O-O Re8 8.
Nh4 d6 9. e4 Be6 10. b3 a6 11. Nf5 b5 12. cxb5 axb5 13. Bg5 h6 14. Bh4 Kh7 15.
g4 g5 16. Bg3 Ne7 17. Nxe7 Qxe7 18. f3 h5 19. Qd2 Rg8 20. h3 c5 21. Rfd1 Rad8
22. Qe3 Qc7 23. Rd2 h4 24. Bf2 Nd7 25. Qd3 Qa5 26. Rad1 Nb6 27. Bf1 b4 28. cxb4
Qxb4 29. Qc2 c4 30. a3 Qb5 31. b4 Nc8 32. Rb1 Nb6 33. Rbd1 Nc8 34. Kg2 Rd7 35.
Qc3 Rc7 36. Ra1 Qa4 37. Be2 Rb7 38. Bxc4 Qc6 39. Rc1 Rc7 40. Rdc2 Qa8 41. Qb3
Rxc4 42. Rxc4 Ne7 43. b5 Ng6 44. Be3 d5 45. Ra4 Qd8 46. Qc2 Qf6 47. b6 d4 48.
Bf2 Nf4+ 49. Kh2 Rc8 50. Qd2 Rxc1 51. Qxc1 Nd3 52. Qd2 Qxf3 53. Bxd4 Qg3+ 54.
Kh1 exd4 55. Qg2 Qe1+ 56. Kh2 Nf4 57. Qb2 Qg3+ 58. Kh1 Qf3+ 59. Kh2 Ne2 0-1

[Event "Open Semana Santa 2023"]
[Site "?"]
[Date "2023.04.09"]
[Round "7.42"]
[White "FM Lorscheid, Gerhard"]
[Black "FM Diaz Velandia, Jose Manuel"]
[Result "0-1"]
[WhiteElo "2112"]
[BlackElo "2318"]
[Annotator "Usuario"]
[PlyCount "56"]

1. d4 f5 2. g3 Nf6 3. Bg2 e6 4. Nd2 d5 5. c4 c6 6. Nh3 g6 7. O-O Bg7 8. Qc2 O-O
9. Nf4 Ne4 10. Nf3 Na6 11. Nd3 Bd7 12. b3 Rc8 13. Ba3 c5 14. Rac1 Qa5 15. Bxc5
Naxc5 16. dxc5 Qc7 17. cxd5 exd5 18. Nf4 Nc3 19. Qd2 Qxc5 20. Ng5 Qe7 21. Nxd5
Qxe2 22. Rc2 Bb5 $11 23. Re1 Qxd2 24. Rxd2 Kh8 25. Re7 Nxd5 26. Bxd5 h6 27.
Rxb7 Rc1+ 28. Kg2 Bf1+ 0-1